[Event "Internet Section 06A g/8'+2\""]
[Site "Dos Hermanas"]
[Date "2004.03.06"]
[Round "7"]
[White "Papadakis, Michalis"]
[Black "Quesasa, Sergio"]
[Result "1-0"]
[WhiteElo "2209"]
[BlackElo "1826"]
[PlyCount "27"]
[EventDate "2004.03.06"]
[EventType "swiss (blitz)"]
[EventRounds "9"]
[EventCountry "ESP"]
[SourceTitle "CBM 099 Extra"]
[Source "ChessBase"]
[SourceDate "2004.05.04"]
[SourceVersion "1"]
[SourceVersionDate "2004.05.04"]
[SourceQuality "1"]

1. d4 Nf6 2. c4 g6 3. Nc3 d5 4. Bf4 Bg7 5. Nf3 0-0 6. cxd5 Nxd5 7. Nxd5 Qxd5 8. Bxc7 Nc6 9. e3 Bg4 10. Be2 Rac8 11. Bg3 Nb4 12. 0-0 Nxa2 13. Qa4 Rc2 14. Qxc2 1-0

[Event "Internet Section 06A g/8'+2\""]
[Site "Dos Hermanas"]
[Date "2004.03.06"]
[Round "2"]
[White "Quesasa, Sergio"]
[Black "Gangadharan, Arun"]
[Result "1-0"]
[WhiteElo "1835"]
[BlackElo "1389"]
[PlyCount "109"]
[EventDate "2004.03.06"]
[EventType "swiss (blitz)"]
[EventRounds "9"]
[EventCountry "ESP"]
[SourceTitle "CBM 099 Extra"]
[Source "ChessBase"]
[SourceDate "2004.05.04"]
[SourceVersion "1"]
[SourceVersionDate "2004.05.04"]
[SourceQuality "1"]

1. e4 e5 2. Nf3 Nc6 3. Bb5 a6 4. Ba4 Nf6 5. 0-0 d6 6. Re1 Bg4 7. c3 Be7 8. d3 b5 9. Bc2 0-0 10. a4 Qd7 11. Be3 b4 12. Nbd2 Rfb8 13. d4 bxc3 14. bxc3 exd4 15. cxd4 Nb4 16. Bb1 c5 17. h3 Bh5 18. Nf1 a5 19. Ng3 Bg6 20. dxc5 dxc5 21. Ne5 Qxd1 22. Rxd1 Rd8 23. Rxd8+ Rxd8 24. Nxg6 hxg6 25. Kf1 c4 26. Ke2 c3 27. Bc1 c2 28. Ba2 Nd3 29. Bb3 Nf4+ 30. Bxf4 Rc8 31. Rc1 Bb4 32. Rxc2 Rxc2+ 33. Bxc2 Nd7 34. Bd2 Nc5 35. Bxb4 axb4 36. Kd2 f6 37. a5 Kf7 38. Bb1 Ke6 39. Ne2 Kd6 40. f4 Kc6 41. Nd4+ Kb7 42. Bc2 Ka6 43. Nb3 Nxb3+ 44. Bxb3 Kxa5 45. Kd3 Kb5 46. Kd4 Kc6 47. e5 fxe5+ 48. fxe5 Kd7 49. Kd5 Ke7 50. g4 g5 51. Ke4 g6 52. Kd5 Kd7 53. e6+ Ke7 54. Ke5 Ke8 55. Kf6 1-0

[Event "Internet Section 06A g/8'+2\""]
[Site "Dos Hermanas"]
[Date "2004.03.06"]
[Round "4"]
[White "Quesasa, Sergio"]
[Black "Rodriguez Hernandez, Jose Francisco"]
[Result "0-1"]
[WhiteElo "1828"]
[BlackElo "1693"]
[PlyCount "60"]
[EventDate "2004.03.06"]
[EventType "swiss (blitz)"]
[EventRounds "9"]
[EventCountry "ESP"]
[SourceTitle "CBM 099 Extra"]
[Source "ChessBase"]
[SourceDate "2004.05.04"]
[SourceVersion "1"]
[SourceVersionDate "2004.05.04"]
[SourceQuality "1"]

1. e4 e5 2. Nf3 Nc6 3. Bb5 a6 4. Ba4 Nf6 5. 0-0 Be7 6. Re1 b5 7. Bb3 d6 8. c3 0-0 9. h3 Na5 10. Bc2 c5 11. d4 Qc7 12. Nbd2 cxd4 13. cxd4 Bb7 14. d5 Rac8 15. Bd3 Nc4 16. b3 Nb6 17. Bb2 Qd7 18. Rc1 Rxc1 19. Qxc1 Rc8 20. Qa1 Ne8 21. Rc1 f5 22. Rxc8 Qxc8 23. exf5 Nxd5 24. Ne4 Ndf6 25. Nxf6+ Nxf6 26. Nd2 Qc6 27. Qf1 e4 28. Bb1 Qd5 29. Qe1 Qxf5 30. Nf1 Qf4 0-1